Microwave integrated circuits / (Record no. 25935)
[ view plain ]
| 000 -LEADER | |
|---|---|
| fixed length control field | 01109nam a22003015a 4500 |
| 001 - CONTROL NUMBER | |
| control field | 2078255 |
| 005 - DATE AND TIME OF LATEST TRANSACTION | |
| control field | 20180114110434.0 |
| 008 - FIXED-LENGTH DATA ELEMENTS--GENERAL INFORMATION | |
| fixed length control field | 940321s2006 ii a frb 001 0 eng d |
| 020 ## - INTERNATIONAL STANDARD BOOK NUMBER | |
| International Standard Book Number | 8181285107 |
| 035 ## - SYSTEM CONTROL NUMBER | |
| System control number | (OCoLC)30032293 |
| 040 ## - CATALOGING SOURCE | |
| Original cataloging agency | Uk |
| Language of cataloging | eng |
| Transcribing agency | Uk |
| Modifying agency | CU-S |
| -- | DLC |
| -- | EG-ScBUE |
| 041 1# - LANGUAGE CODE | |
| Language code of text/sound track or separate title | eng |
| Language code of original and/or intermediate translations of text | slo |
| 082 04 - DEWEY DECIMAL CLASSIFICATION NUMBER | |
| Classification number | 621.38132 |
| Item number | MIC |
| Edition number | 22 |
| 245 00 - TITLE STATEMENT | |
| Title | Microwave integrated circuits / |
| Statement of responsibility, etc | [edited by] I. Kneppo ... [et al.] ; translation, Miroslav Rakovic]. |
| 250 ## - EDITION STATEMENT | |
| Edition statement | 1st Indian ed. |
| 260 ## - PUBLICATION, DISTRIBUTION, ETC. (IMPRINT) | |
| Place of publication, distribution, etc | Barakhamba Road, Ind. : |
| Name of publisher, distributor, etc | Springer (India) ; |
| Place of publication, distribution, etc | New York : |
| Name of publisher, distributor, etc | Chapman & Hall and Ister Science Press Limited, |
| Date of publication, distribution, etc | 2006. |
| 300 ## - PHYSICAL DESCRIPTION | |
| Extent | xiv, 329 p. : |
| Other physical details | ill. ; |
| Dimensions | 25 cm. |
| 490 0# - Series Statement | |
| Series statement | Microwave technology ; |
| Volume/sequential designation | 8 |
| 500 ## - GENERAL NOTE | |
| General note | Chapman & Hall and Ister Science Press Limited edition 1994. |
| 504 ## - BIBLIOGRAPHY, ETC. NOTE | |
| Bibliography, etc | Includes bibliographical references and index. |
| 546 ## - LANGUAGE NOTE | |
| Language note | Text in English ; translated from original Slovak. |
| 650 #7 - SUBJECT ADDED ENTRY--TOPICAL TERM | |
| Topical term or geographic name as entry element | Microwave integrated circuits. |
| Source of heading or term | BUEsh |
| 651 ## - SUBJECT ADDED ENTRY--GEOGRAPHIC NAME | |
| Source of heading or term | BUEsh |
| 653 ## - INDEX TERM--UNCONTROLLED | |
| Resource For college | Engineering, Electrical |
| Arrived date list | January2018 |
| 700 1# - ADDED ENTRY--PERSONAL NAME | |
| Personal name | Kneppo, Ivan. |
| 700 1# - ADDED ENTRY--PERSONAL NAME | |
| Personal name | Rakovic, Miroslav, |
| Relator term | translator. |
| 942 ## - ADDED ENTRY ELEMENTS (KOHA) | |
| Source of classification or shelving scheme | Dewey Decimal Classification |
| Withdrawn status | Item status | Source of classification or shelving scheme | Damaged status | Not for loan | Home library | Current library | Shelving location | Date acquired | Source of acquisition | Cost, normal purchase price | Total Checkouts | Full call number | Barcode | Date last seen | Cost, replacement price | Koha item type |
|---|---|---|---|---|---|---|---|---|---|---|---|---|---|---|---|---|
| Dewey Decimal Classification | Central Library | Central Library | First floor | 14/01/2018 | Purchase | 448.75 | 621.38132 MIC | 000042824 | 15/07/2025 | 595.00 | Book - Borrowing |